Multiple 'T' Countries Quiz Stats

 Plays Quiz Updated Jan 19, 2014

     
Support Sporcle.
Go Orange.
Score 0/11 Timer 04:00
7 Plays Today
Country % Correct
United States
85.4%
Turkmenistan
77.4%
Tajikistan
71.5%
Trinidad and Tobago
71%
Saint Kitts and Nevis
64.7%
United Arab Emirates
57.7%
Saint Vincent and the Grenadines
57.2%
Democratic Republic of the Congo
45.1%
Liechtenstein
43%
Vatican City
42.4%
Timor-Leste
34.3%

From the Vault

Movie Subtitle Madness II

by sproutcm

Movies 5m
A sequel quiz about movie sequels? Whoaaa.
Remove Ads.
Support Sporcle.
Get the best of Sporcle when you Go Orange. This ad-free experience offers more features, more stats, and more fun while also helping to support Sporcle. Thank you for becoming a member.

Show Comments

Extras

Top Quizzes Today


Score Distribution

Your Account Isn't Verified!

In order to create a playlist on Sporcle, you need to verify the email address you used during registration. Go to your Sporcle Settings to finish the process.

Report this User

Report this user for behavior that violates our Community Guidelines.

Details: